[Event "7e Festival de Vaujany 2016 - principal"]
[Site "Vaujany "]
[Date "2016.07.16"]
[Round "1.1"]
[White "Soyer, Jean-Yves"]
[Black "Bauer, Christian"]
[Result "0-1"]
[WhiteElo "2073"]
[BlackElo "2621"]
[PlyCount "60"]
[EventDate "2016.??.??"]
[WhiteTeam "Cercle d'échecs des Sables d'Olonne"]
[BlackTeam "C.E. de  Bois-Colombes"]

1. Nf3 g6 2. e4 Bg7 3. d4 d6 4. c4 Nf6 5. Nc3 O-O 6. Be2 Na6 7. Nd2 c6 8. O-O
e5 9. d5 Bd7 10. Rb1 cxd5 11. cxd5 Rc8 12. Nc4 Be8 13. Be3 Nc5 14. Nd2 Bd7 15.
Rc1 a5 16. a4 Nxa4 17. Nxa4 Rxc1 18. Qxc1 Bxa4 19. Qa1 Bd7 20. Qa3 Qc7 21. Ra1
a4 22. Qb4 b5 23. Nb1 Rb8 24. Nc3 Ne8 25. f3 Bf6 26. Rc1 Qb7 27. Na2 Bd8 28.
Kf1 Bb6 29. Bxb6 Qxb6 30. Qd2 b4 0-1

[Event "7e Festival de Vaujany 2016 - principal"]
[Site "Vaujany "]
[Date "2016.07.16"]
[Round "1.2"]
[White "Van Foreest, Jorden"]
[Black "Nastro, Federico"]
[Result "1-0"]
[WhiteElo "2584"]
[BlackElo "2071"]
[PlyCount "101"]
[EventDate "2016.??.??"]

1. e4 e5 2. f4 d5 3. exd5 exf4 4. Nf3 Nf6 5. Bb5+ c6 6. dxc6 Nxc6 7. Nc3 Bd6 8.
Qe2+ Qe7 9. Qxe7+ Kxe7 10. O-O Re8 11. d4 Bd7 12. a3 Kf8 13. d5 Ne5 14. Nxe5
Bxb5 15. Nxb5 Bxe5 16. Bxf4 Nxd5 17. Bxe5 Rxe5 18. Nd6 Nf6 19. Nxb7 Re2 20. b4
Rxc2 21. Rac1 Ra2 22. Ra1 Rc2 23. Rf2 Rxf2 24. Kxf2 Re8 25. Rd1 Re7 26. Rd8+
Re8 27. Rd4 g5 28. Nc5 Kg7 29. a4 h5 30. h3 Re5 31. g4 Rd5 32. Ke3 Rxd4 33.
Kxd4 hxg4 34. hxg4 Nxg4 35. b5 Kf8 36. a5 Ke7 37. a6 Kd6 38. b6 axb6 39. a7
bxc5+ 40. Kc3 Ke5 41. a8=Q f5 42. Qb8+ Ke4 43. Kd2 Ne5 44. Ke2 c4 45. Qb1+ Nd3
46. Qb7+ Kf4 47. Qc7+ Ne5 48. Qc5 Ng4 49. Qd4+ Kg3 50. Qg1+ Kh3 51. Qf1+ 1-0

[Event "7e Festival de Vaujany 2016 - principal"]
[Site "Vaujany"]
[Date "2016.07.16"]
[Round "1.3"]
[White "Suez-Panama, Gilles"]
[Black "Chatalbashev, Boris"]
[Result "0-1"]
[WhiteElo "2017"]
[BlackElo "2545"]
[PlyCount "78"]
[EventDate "2016.??.??"]

1. d4 Nf6 2. Nf3 c5 3. d5 e6 4. c4 b5 5. Bg5 b4 6. e4 d6 7. Bd3 Be7 8. h4 O-O
9. Nbd2 h6 10. Be3 Ng4 11. Nf1 exd5 12. exd5 f5 13. Bf4 Bf6 14. Qd2 Ne5 15. Be2
Nxf3+ 16. gxf3 Re8 17. O-O-O Bxh4 18. Ne3 Bg5 19. Bxg5 Qxg5 20. Rdg1 Qf4 21.
Bd3 Rf8 22. Rg6 a5 23. Rhg1 Ra7 24. Kb1 Re7 25. Qc2 Kh8 26. R6g3 Bd7 27. Ng2
Qd4 28. f4 Rfe8 29. Re3 Qf6 30. Rh3 a4 31. Ne3 Na6 32. b3 a3 33. Rh5 Rxe3 34.
fxe3 Rxe3 35. Rd1 Nc7 36. Rh2 Qd4 37. Rf2 Ne8 38. Bxf5 Bxf5 39. Rxd4 Re1+ 0-1

[Event "7e Festival de Vaujany 2016 - principal"]
[Site "Vaujany"]
[Date "2016.07.16"]
[Round "1.4"]
[White "Mihok, Oliver"]
[Black "Bianchi, Tobias"]
[Result "1-0"]
[WhiteElo "2509"]
[BlackElo "2016"]
[PlyCount "67"]
[EventDate "2016.??.??"]

1. e4 c5 2. Nf3 Nc6 3. Nc3 d6 4. d4 cxd4 5. Nxd4 Nf6 6. Bg5 e6 7. Qd2 a6 8.
O-O-O Bd7 9. f3 h6 10. Be3 b5 11. Nxc6 Bxc6 12. Kb1 h5 13. Bf4 d5 14. e5 Nd7
15. Ne2 Nb6 16. Nd4 Bd7 17. Bg5 Qc7 18. f4 Nc4 19. Qe1 Rc8 20. Bxc4 bxc4 21. f5
c3 22. fxe6 Bxe6 23. b3 Qc5 24. Rf1 a5 25. Nxe6 fxe6 26. Be3 Qa3 27. Bc1 Qb4
28. Qg3 Qe4 29. Rde1 Qh7 30. Qf2 g6 31. Qb6 Qd7 32. Rf6 Rc6 33. Qxa5 Qb7 34.
Qa4 1-0

[Event "7e Festival de Vaujany 2016 - principal"]
[Site "?"]
[Date "2016.07.16"]
[Round "1.5"]
[White "Mina, Marco"]
[Black "Horvath, Jozsef"]
[Result "0-1"]
[WhiteElo "2009"]
[BlackElo "2507"]
[PlyCount "58"]
[EventDate "2016.??.??"]

1. e4 c6 2. d4 d5 3. exd5 cxd5 4. c4 Nf6 5. Nc3 e6 6. Nf3 Be7 7. Bd3 O-O 8. O-O
Nc6 9. a3 b6 10. cxd5 exd5 11. Ne5 Bb7 12. Bg5 Nxe5 13. dxe5 Nd7 14. Bxe7 Qxe7
15. f4 f6 16. Qc2 fxe5 17. Bxh7+ Kh8 18. fxe5 Nxe5 19. Bf5 d4 20. Nb5 Rad8 21.
Rae1 d3 22. Bxd3 Rxf1+ 23. Bxf1 Nf3+ 24. gxf3 Qxe1 25. Qf2 Qxf2+ 26. Kxf2 a6
27. Nc7 b5 28. b3 Rd2+ 29. Kg3 Rb2 0-1

[Event "7e Festival de Vaujany 2016 - principal"]
[Site "Vaujany"]
[Date "2016.07.16"]
[Round "1.6"]
[White "Drozdowski, Kacper"]
[Black "Schmitt, Gregory"]
[Result "1-0"]
[WhiteElo "2490"]
[BlackElo "1987"]
[PlyCount "61"]
[EventDate "2016.??.??"]

1. e4 b6 2. d4 Bb7 3. Bd3 Nf6 4. Qe2 e6 5. Nf3 c5 6. Nc3 cxd4 7. Nxd4 Nc6 8.
Nxc6 Bxc6 9. O-O d6 10. Be3 Be7 11. Rad1 Qc7 12. Nb5 Qb7 13. f3 e5 14. c4 O-O
15. Bc2 Rfd8 16. Nc3 Rd7 17. Ba4 Bxa4 18. Nxa4 Rc8 19. b3 b5 20. cxb5 d5 21.
exd5 Nxd5 22. Bf2 f6 23. g3 Ba3 24. Qd3 Rd6 25. Qe4 Qd7 26. Rd2 Qxb5 27. Rfd1
Rc1 28. Rxc1 Bxc1 29. Nc3 f5 30. Nxb5 fxe4 31. Rd1 1-0

[Event "7e Festival de Vaujany 2016 - principal"]
[Site "Vaujany "]
[Date "2016.07.16"]
[Round "1.7"]
[White "Georges, Thomas"]
[Black "Brunner, Nicolas"]
[Result "0-1"]
[WhiteElo "1980"]
[BlackElo "2443"]
[PlyCount "38"]
[EventDate "2016.??.??"]
[WhiteTeam "Echecs Club de Corbas"]
[BlackTeam "Vandoeuvre-Echecs"]

1. e4 c5 2. Nf3 d6 3. Bb5+ Nd7 4. c3 Ngf6 5. O-O Nxe4 6. d4 a6 7. Bc4 e6 8. Re1
d5 9. Bb3 Be7 10. c4 dxc4 11. Rxe4 cxb3 12. Qxb3 O-O 13. Qd3 b5 14. Re1 Bb7 15.
Rd1 Qc7 16. Nc3 Nf6 17. Qe2 Rfd8 18. Be3 Ng4 19. Bg5 Bxg5 0-1

[Event "7e Festival de Vaujany 2016 - principal"]
[Site "Vaujany "]
[Date "2016.07.16"]
[Round "1.8"]
[White "Valles, Manuel"]
[Black "Prats Rodriguez, Juan Bosco"]
[Result "1-0"]
[WhiteElo "2397"]
[BlackElo "1978"]
[PlyCount "57"]
[EventDate "2016.??.??"]
[WhiteTeam "Echiquier Centre Vaucluse "]

1. d4 d5 2. c4 dxc4 3. Nf3 a6 4. e3 b5 5. a4 Bb7 6. b3 e6 7. bxc4 bxc4 8. Bxc4
Nf6 9. O-O Nbd7 10. Nc3 c5 11. Rb1 Rb8 12. e4 cxd4 13. Bf4 dxc3 14. Bxb8 Bxe4
15. Bd3 Bxf3 16. Qxf3 Nxb8 17. Bxa6 Nxa6 18. Qc6+ Nd7 19. Qxa6 Ba3 20. Qc6 Bb2
21. Rbd1 O-O 22. Rxd7 Qa8 23. Qxa8 Rxa8 24. Rfd1 h6 25. Rd8+ Rxd8 26. Rxd8+ Kh7
27. Rc8 Kg6 28. a5 Ba3 29. a6 1-0

[Event "7e Festival de Vaujany 2016 - principal"]
[Site "Vaujany"]
[Date "2016.07.16"]
[Round "1.9"]
[White "Cordara, Michele"]
[Black "Skomorokhin, Roman"]
[Result "0-1"]
[WhiteElo "1974"]
[BlackElo "2396"]
[PlyCount "48"]
[EventDate "2016.??.??"]

1. c4 e5 2. g3 Nf6 3. Bg2 Nc6 4. Nc3 Bc5 5. e3 O-O 6. a3 a6 7. b4 Ba7 8. Nge2
Re8 9. d3 Ne7 10. Nd5 Nexd5 11. cxd5 d6 12. Bb2 Bf5 13. Rc1 Qd7 14. O-O Bh3 15.
Qb3 Rac8 16. Rc2 Qf5 17. Qc4 Qh5 18. Rfc1 Bxg2 19. Kxg2 Bxe3 20. fxe3 Ng4 21.
Qc3 Qxh2+ 22. Kf3 e4+ 23. Kxg4 f5+ 24. Kxf5 g6+ 0-1

[Event "7e Festival de Vaujany 2016 - principal"]
[Site "Vaujany"]
[Date "2016.07.16"]
[Round "1.10"]
[White "Di Nicolantonio, Lucas"]
[Black "Boghossian, Pierre"]
[Result "1/2-1/2"]
[WhiteElo "2393"]
[BlackElo "1973"]
[PlyCount "59"]
[EventDate "2016.??.??"]

1. e4 e6 2. d4 d5 3. Nc3 Nf6 4. e5 Nfd7 5. f4 c5 6. Nf3 Nc6 7. Be3 Be7 8. Qd2
a6 9. dxc5 Qa5 10. O-O-O Nxc5 11. Kb1 Bd7 12. Nd4 Rc8 13. h4 b5 14. Nxc6 Bxc6
15. Rh3 b4 16. Ne2 Ne4 17. Qe1 Ba4 18. Nd4 O-O 19. Bc1 Bc5 20. Nb3 Bxb3 21.
axb3 Nf2 22. Rg3 Nxd1 23. Qxd1 Qc7 24. Bd3 f6 25. exf6 Rxf6 26. Qh5 h6 27. Rf3
Bd6 28. Qg4 Qf7 29. Qh3 Rf8 30. g4 1/2-1/2

[Event "7e Festival de Vaujany 2016 - principal"]
[Site "Vaujany"]
[Date "2016.07.16"]
[Round "1.11"]
[White "Ferriz, Simon"]
[Black "Joie, Sebastien"]
[Result "0-1"]
[WhiteElo "1969"]
[BlackElo "2387"]
[PlyCount "104"]
[EventDate "2016.??.??"]

1. e4 e5 2. Nf3 Nc6 3. Bb5 a6 4. Ba4 d6 5. O-O Bg4 6. c3 Qf6 7. d3 Bxf3 8. Qxf3
Qxf3 9. gxf3 Nge7 10. f4 exf4 11. Bxf4 g5 12. Be3 Rg8 13. Nd2 f5 14. exf5 Nxf5
15. Rae1 Be7 16. Ne4 Kd7 17. Ng3 Nh4 18. f4 g4 19. Re2 Raf8 20. Ref2 Nf5 21.
Nxf5 Rxf5 22. d4 Bh4 23. Rg2 d5 24. Bc2 Rf7 25. f5 h5 26. Bf2 Bg5 27. Be1 Re8
28. Bd2 Bh4 29. Bf4 Ne7 30. Be5 Nc6 31. Re2 Bf6 32. Rfe1 Rfe7 33. Kg2 Bxe5 34.
dxe5 Rxe5 35. Rxe5 Rxe5 36. Rxe5 Nxe5 37. h3 Ke7 38. Kg3 gxh3 39. b3 Kf6 40.
Kxh3 Kg5 41. b4 Nf7 42. f6 Nd6 43. Bd3 Kxf6 44. Kh4 Ne4 45. c4 Ke5 46. cxd5 Nf6
47. b5 a5 48. Be2 Nxd5 49. Bf3 b6 50. a3 Nc3 51. Kxh5 Nxb5 52. a4 Nd4 0-1

[Event "7e Festival de Vaujany 2016 - principal"]
[Site "Vaujany"]
[Date "2016.07.16"]
[Round "1.12"]
[White "Midoux, Sebastien"]
[Black "Mathieu, Olivier"]
[Result "1-0"]
[WhiteElo "2343"]
[BlackElo "1969"]
[PlyCount "55"]
[EventDate "2016.??.??"]

1. d4 Nf6 2. Bf4 e6 3. e3 d5 4. Nf3 c5 5. c3 Qb6 6. Qb3 c4 7. Qc2 Nc6 8. h3 Bd7
9. Nbd2 Be7 10. Be2 Qa5 11. e4 b5 12. O-O O-O 13. e5 Nh5 14. Ng5 Bxg5 15. Bxg5
f6 16. Be3 Be8 17. g4 fxe5 18. gxh5 exd4 19. cxd4 Qd8 20. Bg4 e5 21. Nf3 e4 22.
Ng5 Nxd4 23. Qd1 Nf5 24. Ne6 Nxe3 25. fxe3 Rxf1+ 26. Qxf1 Qe7 27. Qf5 Qd6 28.
Rf1 1-0

[Event "7e Festival de Vaujany 2016 - principal"]
[Site "Vaujany"]
[Date "2016.07.16"]
[Round "1.13"]
[White "Jognery, Lionel"]
[Black "Meunier, Clement"]
[Result "1-0"]
[WhiteElo "1960"]
[BlackElo "2338"]
[PlyCount "155"]
[EventDate "2016.??.??"]

1. e4 e5 2. Nf3 Nc6 3. d4 exd4 4. Bc4 Bc5 5. c3 Nf6 6. e5 d5 7. Bb5 Ne4 8. cxd4
Bb4+ 9. Bd2 Nxd2 10. Nbxd2 O-O 11. O-O Ne7 12. a3 Ba5 13. b4 Bb6 14. Nb3 Bg4
15. Bd3 Ng6 16. h3 Bxf3 17. Qxf3 c6 18. Qh5 f6 19. f4 fxe5 20. fxe5 Qh4 21.
Qxh4 Nxh4 22. Rab1 Ng6 23. Bxg6 hxg6 24. Nc5 Rfe8 25. Kf2 a5 26. Kg3 axb4 27.
axb4 Ra3+ 28. Kg4 Rea8 29. Rf4 Kh7 30. Nd7 Bd8 31. h4 Rd3 32. Nc5 Re3 33. Rf3
Re2 34. g3 Bb6 35. Rf4 Ra3 36. Rb3 Rxb3 37. Nxb3 Rb2 38. Nc5 Rxb4 39. Ne6 Ra4
40. Rf8 Rxd4+ 41. Nxd4 Bxd4 42. e6 Bc5 43. Rf7 Kg8 44. Rxb7 Kf8 45. Rc7 Bd6 46.
Rf7+ Ke8 47. Rxg7 d4 48. Rxg6 c5 49. Kf3 c4 50. Rg4 Be5 51. Ke2 Ke7 52. Rg6 Bf6
53. h5 Kxe6 54. g4 Kf7 55. Kd2 Ke7 56. g5 Be5 57. Rc6 Bf4+ 58. Ke2 d3+ 59. Kd1
Bxg5 60. Rxc4 Kf6 61. Rc3 Bf4 62. Rxd3 Kg5 63. Rh3 Kg4 64. Rh1 Bh6 65. Ke1 Kg3
66. Kf1 Kg4 67. Kg2 Kf4 68. Rh4+ Kg5 69. Kg3 Bf8 70. Rh1 Bg7 71. Kf3 Bh6 72.
Ke4 Bf8 73. Ke5 Bg7+ 74. Ke6 Bf8 75. Kf7 Bh6 76. Kg8 Kg4 77. Kh7 Kg5 78. Rg1+
1-0

[Event "7e Festival de Vaujany 2016 - principal"]
[Site "Vaujany "]
[Date "2016.07.16"]
[Round "1.14"]
[White "Viennot, Dylan"]
[Black "Geher, Koppany"]
[Result "1-0"]
[WhiteElo "2331"]
[BlackElo "1931"]
[PlyCount "81"]
[EventDate "2016.??.??"]
[WhiteTeam "Mulhouse Philidor"]

1. d4 Nf6 2. Bf4 g6 3. Nc3 d5 4. Qd2 Bg7 5. Bh6 O-O 6. Bxg7 Kxg7 7. f3 c5 8. e3
Nc6 9. g4 cxd4 10. exd4 Be6 11. Nge2 a6 12. Nf4 Qd6 13. h4 Qb4 14. O-O-O Qd6
15. h5 Rh8 16. Bh3 Bc8 17. Qh2 g5 18. h6+ Kf8 19. Nfxd5 Qxh2 20. Rxh2 Nxd5 21.
Nxd5 e6 22. Nb6 Rb8 23. Re2 Rg8 24. Bf1 Rg6 25. Rh2 Rf6 26. Rh5 Rxf3 27. Rxg5
Rf6 28. Rc5 Rxh6 29. Bxa6 e5 30. g5 Rg6 31. Bd3 Rxg5 32. d5 e4 33. Bxe4 Bg4 34.
Rg1 Nd4 35. Nd7+ Ke7 36. Nxb8 Ne2+ 37. Kd2 Nxg1 38. d6+ Kf6 39. Rxg5 Kxg5 40.
d7 Bxd7 41. Nxd7 1-0

[Event "7e Festival de Vaujany 2016 - principal"]
[Site "Vaujany"]
[Date "2016.07.16"]
[Round "1.15"]
[White "Zenere, Gabriele"]
[Black "Le Corre, Benjamin"]
[Result "0-1"]
[WhiteElo "1931"]
[BlackElo "2323"]
[PlyCount "58"]
[EventDate "2016.??.??"]

1. d4 Nf6 2. c4 g6 3. Nc3 Bg7 4. e4 d6 5. Nf3 O-O 6. h3 a6 7. Bd3 c6 8. Bg5
Nbd7 9. Qd2 b5 10. Bh6 e5 11. Bxg7 Kxg7 12. O-O Qe7 13. b4 Bb7 14. d5 bxc4 15.
Bxc4 Nb6 16. Bb3 cxd5 17. exd5 Rfc8 18. Rfe1 Qd8 19. Rac1 Rc7 20. a4 Rac8 21.
Red1 Nh5 22. g3 Nc4 23. Qe2 Na5 24. bxa5 Rxc3 25. Rb1 Qf6 26. Nd2 Nxg3 27. fxg3
Rxg3+ 28. Kh2 Qh4 29. Qf1 Rcc3 0-1

[Event "7e Festival de Vaujany 2016 - principal"]
[Site "Vaujany"]
[Date "2016.07.16"]
[Round "1.16"]
[White "Rooze, Jan"]
[Black "Skomorokhina, Ekaterina"]
[Result "1-0"]
[WhiteElo "2322"]
[BlackElo "1919"]
[PlyCount "97"]
[EventDate "2016.??.??"]

1. e4 c5 2. Nf3 d6 3. Bb5+ Bd7 4. Bxd7+ Qxd7 5. O-O g6 6. c3 Nf6 7. e5 dxe5 8.
Nxe5 Qc7 9. d4 cxd4 10. cxd4 Bg7 11. Bf4 Nh5 12. Be3 O-O 13. Nc3 a6 14. Rc1 Nc6
15. Nd5 Qd6 16. Nb6 Rad8 17. Nxc6 bxc6 18. Qa4 Bxd4 19. Rxc6 Qe5 20. Nc4 Qe4
21. Rxa6 Bxe3 22. Nxe3 Rd4 23. Qc6 Qxc6 24. Rxc6 Rd2 25. Rc2 Rfd8 26. Rfc1 Nf4
27. Rxd2 Rxd2 28. Rc2 Rd3 29. Kf1 Kg7 30. g3 Ne6 31. Ke2 Rd6 32. Rd2 Ra6 33. b3
Nc7 34. Nd1 e5 35. Nc3 Ne6 36. Nb5 Rb6 37. a4 Nc5 38. Rb2 Rb8 39. Kd2 Ne4+ 40.
Kc1 Nc5 41. Kb1 Rd8 42. Ka2 Rd1 43. Nc3 Rd3 44. Rc2 f5 45. Ka3 g5 46. Kb4 Ne6
47. Nb5 Rd5 48. Rc6 Nd8 49. Rd6 1-0

[Event "7e Festival de Vaujany 2016 - principal"]
[Site "Vaujany"]
[Date "2016.07.16"]
[Round "1.17"]
[White "Bergero, Simone"]
[Black "Favarel, Camille"]
[Result "1-0"]
[WhiteElo "1916"]
[BlackElo "2256"]
[PlyCount "68"]
[EventDate "2016.??.??"]

1. d4 d5 2. c4 c6 3. Nc3 Nf6 4. Nf3 dxc4 5. a4 Bf5 6. e3 e6 7. Bxc4 Bb4 8. O-O
O-O 9. Bd2 Nbd7 10. Ne4 Be7 11. Ng3 Bg6 12. Nh4 Be4 13. Nxe4 Nxe4 14. Nf3 Nxd2
15. Nxd2 Nb6 16. a5 Nd5 17. Bxd5 exd5 18. Qb3 Qd7 19. Rfc1 Bd6 20. a6 b6 21.
Qa4 Rac8 22. Rc3 Qe6 23. Rac1 c5 24. dxc5 bxc5 25. Nb3 Qe7 26. Qa5 Rb8 27. Nxc5
Rxb2 28. Nd3 Rb6 29. Rc6 Rxc6 30. Rxc6 Qd7 31. Rc1 h5 32. g3 Qf5 33. Nf4 Bxf4
34. exf4 Qe4 1-0

[Event "7e Festival de Vaujany 2016 - principal"]
[Site "Vaujany"]
[Date "2016.07.16"]
[Round "1.18"]
[White "Chalmeta Ugas, Ramon"]
[Black "Geher, Laszlo"]
[Result "1-0"]
[WhiteElo "2249"]
[BlackElo "1916"]
[PlyCount "85"]
[EventDate "2016.??.??"]

1. e4 d6 2. d4 Nf6 3. f3 e5 4. Ne2 Be7 5. Be3 O-O 6. Nbc3 exd4 7. Nxd4 Nc6 8.
Qd2 Nxd4 9. Bxd4 Be6 10. O-O-O Nd7 11. Kb1 Bf6 12. f4 Bxd4 13. Qxd4 Nf6 14. h3
Bd7 15. g4 Bc6 16. Bg2 Re8 17. Rhe1 Qe7 18. Qf2 Qf8 19. g5 Nd7 20. h4 Rad8 21.
h5 f5 22. exf5 Qxf5 23. Bxc6 bxc6 24. Qxa7 Qxf4 25. Qxc7 Ne5 26. Rxd6 Rc8 27.
Qa7 Nf3 28. Rxe8+ Rxe8 29. Rd1 Qxg5 30. a4 Nd2+ 31. Ka1 Nc4 32. Qd4 Ne3 33. Rd2
Qf5 34. Kb1 Qxh5 35. Re2 Qh1+ 36. Ka2 Qf3 37. a5 Qf7+ 38. b3 Nf5 39. Rxe8+ Qxe8
40. Qc4+ Kf8 41. Qc5+ Ne7 42. Ne4 h5 43. Nd6 1-0

[Event "7e Festival de Vaujany 2016 - principal"]
[Site "Vaujany"]
[Date "2016.07.16"]
[Round "1.19"]
[White "Strohl, Antoine"]
[Black "Blum, Sonja Maria"]
[Result "1-0"]
[WhiteElo "1913"]
[BlackElo "2229"]
[PlyCount "109"]
[EventDate "2016.??.??"]

1. d4 Nf6 2. Nf3 g6 3. Bg5 Bg7 4. Nbd2 d5 5. e3 O-O 6. Bd3 c5 7. c3 Nc6 8. O-O
cxd4 9. cxd4 h6 10. Bh4 Qb6 11. Qb3 Qxb3 12. Nxb3 e5 13. Nxe5 Nxe5 14. dxe5 Ng4
15. Nd4 Nxe5 16. Bb5 a6 17. Ba4 g5 18. Bg3 Nc4 19. Bb3 Rd8 20. Rac1 Nxb2 21.
Rc2 Nd3 22. Rd1 Ne5 23. Rc5 Be6 24. Nxe6 fxe6 25. e4 Nd7 26. Rc7 Nf6 27. exd5
exd5 28. Rxb7 Kh8 29. Be5 Rac8 30. g3 Rc5 31. Rf7 Nh5 32. Bxg7+ Nxg7 33. Rf6
Kh7 34. Rxa6 d4 35. Ra4 d3 36. Rc4 Rxc4 37. Bxc4 d2 38. Kf1 Rd4 39. Bb3 Nf5 40.
Bc2 Kg6 41. Bxf5+ Kxf5 42. Ke2 Kg4 43. Rxd2 Ra4 44. f3+ Kh3 45. Ke3 h5 46. Rf2
h4 47. gxh4 gxh4 48. f4 Ra3+ 49. Ke4 Ra4+ 50. Ke5 Ra5+ 51. Ke4 Ra4+ 52. Kd5
Ra5+ 53. Kc4 Kg4 54. Kb4 Rf5 55. a4 1-0

[Event "7e Festival de Vaujany 2016 - principal"]
[Site "Vaujany"]
[Date "2016.07.16"]
[Round "1.20"]
[White "Gatineau, Yovann"]
[Black "Marin Benito, Carla"]
[Result "1-0"]
[WhiteElo "2206"]
[BlackElo "1904"]
[PlyCount "53"]
[EventDate "2016.??.??"]

1. d4 Nf6 2. c4 g6 3. Nc3 Bg7 4. Nf3 d6 5. e4 O-O 6. h3 e5 7. d5 h6 8. g4 Ne8
9. Rg1 Kh8 10. Be3 f5 11. gxf5 gxf5 12. exf5 Bxf5 13. Nd2 Qh4 14. Nde4 Bxe4 15.
Rg4 Qh5 16. Nxe4 Nd7 17. Ng3 Qf7 18. Qd2 Nef6 19. Rh4 Ng8 20. Bd3 Nc5 21. Bf5
Qe7 22. Rg4 Nf6 23. Rg6 Rg8 24. Bxh6 Bf8 25. Bxf8 Qxf8 26. Rh6+ Kg7 27. Qg5+
1-0

[Event "7e Festival de Vaujany 2016 - principal"]
[Site "Vaujany"]
[Date "2016.07.16"]
[Round "1.21"]
[White "Jeanbart, Pierre"]
[Black "Gaborit, Jean-Pierre"]
[Result "0-1"]
[WhiteElo "1902"]
[BlackElo "2182"]
[PlyCount "80"]
[EventDate "2016.??.??"]

1. e4 e6 2. d4 d5 3. e5 c5 4. f4 cxd4 5. Nf3 Nc6 6. a3 Nge7 7. Bd3 Nf5 8. Qe2
Be7 9. O-O a5 10. b3 h5 11. Bxf5 exf5 12. Bb2 Qb6 13. Qd3 Bc5 14. Kh1 Be6 15.
Nbd2 Rc8 16. Nh4 g6 17. Nhf3 Kf8 18. Ng1 Kg7 19. Ne2 Rhd8 20. Nf3 Nb8 21. Nexd4
Na6 22. Nb5 Be7 23. Nfd4 Nc5 24. Qe3 Kg8 25. b4 Ne4 26. Nxf5 Qxe3 27. Nxe3 axb4
28. axb4 Bxb4 29. Nd4 Bd2 30. Rf3 Ra8 31. f5 gxf5 32. Ndxf5 Rxa1+ 33. Bxa1 Bxe3
34. Nxe3 Ra8 35. Bd4 Ra4 36. c3 Ra3 37. Nf5 Ra1+ 38. Bg1 Bxf5 39. Rxf5 Nxc3 40.
Rf2 Re1 0-1

[Event "7e Festival de Vaujany 2016 - principal"]
[Site "Vaujany"]
[Date "2016.07.16"]
[Round "1.22"]
[White "Juhasz, Barbara"]
[Black "Cavatorta, Fosco"]
[Result "1-0"]
[WhiteElo "2179"]
[BlackElo "1880"]
[PlyCount "123"]
[EventDate "2016.??.??"]

1. e4 d6 2. d4 Nf6 3. Nc3 e5 4. Nf3 Nbd7 5. Bc4 h6 6. O-O Be7 7. Re1 c6 8. a4
Qc7 9. h3 g5 10. Nh2 Nf8 11. dxe5 dxe5 12. Bd3 Ng6 13. Ng4 Nxg4 14. hxg4 Nf4
15. g3 Nxd3 16. cxd3 Qd7 17. f3 h5 18. gxh5 Rxh5 19. g4 Rh7 20. Be3 Qe6 21. Kg2
Qg6 22. Rh1 Be6 23. Qe2 a6 24. Rxh7 Qxh7 25. Bb6 Qg7 26. a5 f6 27. Qe3 Kf7 28.
Ne2 Rh8 29. Rh1 Rxh1 30. Kxh1 Qh8+ 31. Kg2 Qc8 32. Bc5 Bxc5 33. Qxc5 Qd7 34.
Qc3 Qe7 35. b4 Qd6 36. Kf2 Ke7 37. Qc5 Kd7 38. Ke3 Bb3 39. Nc3 Be6 40. Na4 Ke7
41. Qxd6+ Kxd6 42. Nc5 Bc8 43. d4 Kc7 44. Kd3 b6 45. axb6+ Kxb6 46. dxe5 fxe5
47. Kc4 Kc7 48. Kb3 Kb6 49. Nd3 Kb5 50. Nxe5 c5 51. bxc5 Kxc5 52. Kc3 a5 53.
Nf7 a4 54. Nxg5 a3 55. Kb3 Kd4 56. Kxa3 Ke3 57. e5 Kf4 58. Nf7 Be6 59. Nd8 Bd7
60. e6 Be8 61. Nf7 Bc6 62. e7 1-0

[Event "7e Festival de Vaujany 2016 - principal"]
[Site "Vaujany"]
[Date "2016.07.16"]
[Round "1.23"]
[White "Tripodi, Enzo"]
[Black "David, Bogdan"]
[Result "0-1"]
[WhiteElo "1874"]
[BlackElo "2161"]
[PlyCount "66"]
[EventDate "2016.??.??"]

1. e4 c5 2. Nf3 Nc6 3. d4 cxd4 4. Nxd4 e5 5. Nb5 d6 6. N1c3 a6 7. Na3 b5 8. Nd5
Nge7 9. Be3 Nxd5 10. exd5 Ne7 11. Be2 Nf5 12. Qd2 Nxe3 13. Qxe3 g6 14. c4 Qa5+
15. Qd2 Qxd2+ 16. Kxd2 Bh6+ 17. Kc3 b4+ 18. Kxb4 Bd2+ 19. Kb3 Bf5 20. g4 Bd7
21. Kc2 Bb4 22. Nb1 h5 23. f3 hxg4 24. fxg4 Rh4 25. h3 Ke7 26. Nd2 Rah8 27. Ne4
Rxh3 28. Rxh3 Rxh3 29. Rf1 f5 30. gxf5 Bxf5 31. Bd3 Re3 32. Nf2 e4 33. Kb3 Bc5
0-1

[Event "7e Festival de Vaujany 2016 - principal"]
[Site "Vaujany"]
[Date "2016.07.16"]
[Round "1.24"]
[White "Dudugnon, Thibault"]
[Black "Hodot, Yves"]
[Result "1/2-1/2"]
[WhiteElo "2158"]
[BlackElo "1858"]
[PlyCount "149"]
[EventDate "2016.??.??"]

1. e4 e6 2. d4 d5 3. Nc3 Bb4 4. exd5 exd5 5. Bd3 Nc6 6. Nge2 Bg4 7. f3 Be6 8.
Be3 Qh4+ 9. Bf2 Qh6 10. Qd2 Qxd2+ 11. Kxd2 O-O-O 12. Rae1 Nge7 13. a3 Ba5 14.
g4 Bb6 15. Na4 h5 16. Nxb6+ axb6 17. h3 Kd7 18. Nf4 h4 19. Nh5 Rdg8 20. Kc3 Na5
21. Bxh4 c5 22. Bb5+ Nec6 23. Bf2 Kd6 24. Bg3+ Ke7 25. Bxc6 Nxc6 26. Bf2 cxd4+
27. Bxd4 Nxd4 28. Kxd4 Rc8 29. c3 Rc4+ 30. Kd3 g6 31. Ng3 Rhc8 32. Ne2 Kf6 33.
h4 Rh8 34. Nd4 Rcc8 35. Ke3 Bd7 36. Kf4 Rce8 37. h5 Kg7 38. Rxe8 Bxe8 39. h6+
Rxh6 40. Rxh6 Kxh6 41. Ke5 Kg5 42. Kd6 f5 43. gxf5 gxf5 44. Kc7 b5 45. Kxb7 Kf4
46. Kb6 Bd7 47. Kc5 Ke3 48. Kxd5 f4 49. Kc5 Be8 50. b4 Bh5 51. Kxb5 Bxf3 52. a4
Be4 53. Kc5 f3 54. Nxf3 Bxf3 55. b5 Ke4 56. c4 Ke5 57. Kb6 Kd6 58. c5+ Kd7 59.
a5 Kc8 60. a6 Kb8 61. c6 Bg4 62. Kc5 Be2 63. Kb6 Bg4 64. c7+ Ka8 65. Kc6 Ka7
66. Kc5 Bh3 67. Kd5 Kb6 68. Kd6 Bc8 69. a7 Kxa7 70. Kc6 Bb7+ 71. Kc5 Bc8 72.
Kc6 Bb7+ 73. Kc5 Bc8 74. b6+ Kb7 75. Kb5 1/2-1/2

[Event "7e Festival de Vaujany 2016 - principal"]
[Site "Vaujany"]
[Date "2016.07.16"]
[Round "1.25"]
[White "Lebon, Nicolas"]
[Black "Bandet, Raohael"]
[Result "0-1"]
[WhiteElo "1854"]
[BlackElo "2156"]
[PlyCount "102"]
[EventDate "2016.??.??"]

1. f4 Nf6 2. Nf3 d5 3. e3 e6 4. b3 Be7 5. Bb2 O-O 6. Bd3 c5 7. O-O Nc6 8. Ne5
Nb4 9. Rf3 Nxd3 10. cxd3 d4 11. Rg3 Qd5 12. Na3 Rb8 13. Ng4 b5 14. e4 Qd8 15.
Nf2 a6 16. Nc2 b4 17. Ne1 Bb7 18. Nf3 Nh5 19. Nh3 Nxg3 20. hxg3 h6 21. Kf2 f5
22. e5 Qd5 23. Qh1 Kf7 24. Nhg1 Rh8 25. Nh3 Rbg8 26. Ke2 Kf8 27. Nf2 g5 28. Nd1
Ke8 29. Bc1 g4 30. Qh5+ Kd8 31. Ne1 Bc6 32. a3 a5 33. axb4 axb4 34. Nb2 Be8 35.
Qh1 h5 36. Nc4 h4 37. Nb6 Qb7 38. Nc4 hxg3 39. Qg1 Rh2 40. Bb2 Rgh8 41. Bxd4
Bc6 42. Kd1 cxd4 43. Qxd4+ Qd7 44. Qb6+ Qc7 45. Qd4+ Ke8 46. Ra7 Qd8 47. Nd6+
Bxd6 48. exd6 R8h7 49. Rg7 Rxg7 50. Qxg7 Qxd6 51. Qg8+ Kd7 0-1

[Event "7e Festival de Vaujany 2016 - principal"]
[Site "?"]
[Date "2016.07.16"]
[Round "1.30"]
[White "Mihok, Laszlo"]
[Black "Buffa, Sabarino Pietro"]
[Result "1-0"]
[WhiteElo "2096"]
[BlackElo "1818"]
[PlyCount "57"]

1. d4 Nf6 2. Bg5 g6 3. Bxf6 exf6 4. c4 Bg7 5. Nc3 O-O 6. g3 b6 7. Bg2 Nc6 8. e3
Bb7 9. Nf3 Ne7 10. O-O Nf5 11. Qd3 Re8 12. Rfe1 Nd6 13. e4 Ba6 14. Nd2 Rc8 15.
b4 c5 16. dxc5 Nb7 17. Nb3 f5 18. b5 Bxb5 19. cxb5 bxc5 20. Qc2 c4 21. Nd2 Nc5
22. exf5 Qa5 23. Rxe8+ Rxe8 24. Rc1 Nd3 25. Nxc4 Qxc3 26. Qxc3 Bxc3 27. Rxc3
Re1+ 28. Bf1 Nc1 29. Re3 1-0